| 000 -LEADER |
| fixed length control field |
01492cam a22003737a 4500 |
| 001 - CONTROL NUMBER |
| control field |
11252572 |
| 003 - CONTROL NUMBER IDENTIFIER |
| control field |
OSt |
| 005 - DATE AND TIME OF LATEST TRANSACTION |
| control field |
20211014112658.0 |
| 006 - FIXED-LENGTH DATA ELEMENTS--ADDITIONAL MATERIAL CHARACTERISTICS |
| fixed length control field |
m d |
| 007 - PHYSICAL DESCRIPTION FIXED FIELD--GENERAL INFORMATION |
| fixed length control field |
cr n |
| 008 - FIXED-LENGTH DATA ELEMENTS--GENERAL INFORMATION |
| fixed length control field |
140207s2010 enka sb 001 0 eng d |
| 020 ## - INTERNATIONAL STANDARD BOOK NUMBER |
| International Standard Book Number |
9781845693619 |
| 035 ## - SYSTEM CONTROL NUMBER |
| System control number |
(WaSeSS)ssj0000815553 |
| 038 ## - RECORD CONTENT LICENSOR |
| Staff Name |
khadija |
| 040 ## - CATALOGING SOURCE |
| Original cataloging agency |
AU@ |
| Language of cataloging |
eng |
| Transcribing agency |
AU@ |
| Modifying agency |
YDXCP |
| -- |
CDX |
| -- |
UPM |
| -- |
INU |
| -- |
UAB |
| -- |
OCLCF |
| -- |
DLC |
| -- |
WaSeSS |
| 042 ## - AUTHENTICATION CODE |
| Authentication code |
lccopycat |
| 050 #4 - LIBRARY OF CONGRESS CALL NUMBER |
| Classification number |
TJ1075 |
| Item number |
.T75 2010 |
| 082 04 - DEWEY DECIMAL CLASSIFICATION NUMBER |
| Classification number |
621 |
| Author Mark |
TRI |
| 210 10 - ABBREVIATED TITLE |
| Abbreviated title |
Tribology and dynamics of engine and powertrain |
| 245 00 - TITLE STATEMENT |
| Title |
Tribology and Dynamics of Engine and Powertrain |
| Remainder of title |
Fundamentals, Applications and Future Trends / |
| Statement of responsibility, etc. |
edited by Homer Rahnejat. |
| 260 ## - PUBLICATION, DISTRIBUTION, ETC. |
| Place of publication, distribution, etc. |
Oxford ; |
| -- |
Philadelphia : |
| Name of publisher, distributor, etc. |
Woodhead Pub., |
| Date of publication, distribution, etc. |
2010. |
| 490 1# - SERIES STATEMENT |
| Series statement |
Woodhead Publishing in mechanical engineering |
| 504 ## - BIBLIOGRAPHY, ETC. NOTE |
| Bibliography, etc. note |
Includes bibliographical references and index. |
| 506 ## - RESTRICTIONS ON ACCESS NOTE |
| Terms governing access |
License restrictions may limit access. |
| 563 ## - BINDING INFORMATION |
| Binding note |
hard cover |
| 650 #0 - SUBJECT ADDED ENTRY--TOPICAL TERM |
| Topical term or geographic name entry element |
Tribology. |
| 9 (RLIN) |
55804 |
| 650 #0 - SUBJECT ADDED ENTRY--TOPICAL TERM |
| Topical term or geographic name entry element |
Automobiles |
| General subdivision |
Power trains. |
| 9 (RLIN) |
81355 |
| 700 1# - ADDED ENTRY--PERSONAL NAME |
| Personal name |
Rahnejat, Homer. |
| 9 (RLIN) |
81356 |
| 773 #0 - HOST ITEM ENTRY |
| Title |
eBook - Materials and Engineering 2009 - 2011 (Woodhead migration) [EBCWME11] |
| 830 #0 - SERIES ADDED ENTRY--UNIFORM TITLE |
| Uniform title |
Woodhead Publishing in mechanical engineering. |
| 9 (RLIN) |
81357 |
| 856 40 - ELECTRONIC LOCATION AND ACCESS |
| Uniform Resource Identifier |
<a href="http://www.columbia.edu/cgi-bin/cul/resolve?clio11252572">http://www.columbia.edu/cgi-bin/cul/resolve?clio11252572</a> |
| Public note |
Full text available from eBook - Materials and Engineering 2009 - 2011 (Woodhead migration) [EBCWME11] |
| 910 ## - USER-OPTION DATA (OCLC) |
| User-option data |
Library of Congress record |
| 942 ## - ADDED ENTRY ELEMENTS (KOHA) |
| Source of classification or shelving scheme |
|
| Koha item type |
Book |